000 00572nam a22001697a 4500
003 NUST
038 _aNusrat Nadeem
082 _a200
100 _aBibi, Mehwish
_9125073
245 _aCooperative Computational Offloading in Vehicular Networking using Deep Reinforcement Learning/
_cMehwish Bibi,
264 _aIslamabad;
_bSEECS NUST;
_c2024.
300 _a57,p;
_bill;
_c30,cm.
650 _aMS-Electrical Engineering
_923567
700 _aSupervisor: Dr. Syed Ali Hassan
_996705
856 _u http://10.250.8.41:8080/xmlui/handle/123456789/45224
942 _2ddc
_cSC
999 _c610832
_d610832